Normal view
MARC view
- Nonlinear Theories.Nonlinear Control
Entry Topical Term
001 - CONTROL NUMBER
- control field: 103966
003 - CONTROL NUMBER IDENTIFIER
- control field: NUST
005 - DATE AND TIME OF LATEST TRANSACTION
- control field: 20221202101120.0
008 - FIXED-LENGTH DATA ELEMENTS
- fixed length control field: 221202|| aca||aabn | a|a d
040 ## - CATALOGING SOURCE
- Original cataloging agency: NUST
- Transcribing agency: NUST
150 ## - HEADING--TOPICAL TERM
- Topical term or geographic name entry element: Nonlinear Theories.Nonlinear Control
670 ## - SOURCE DATA FOUND
- Source citation: Work cat.: (NUST)592562: Khalil, Hassan K 58867, Nonlinear Control, 2015.
